000 00279nam a2200109Ia 4500
008 190914s9999||||xx |||||||||||||| ||und||
100 _aSafdar Ali Najmi
245 0 _aQuaid-e-Azam Ka Tasawur Taleem aur Pakistan
260 _aKarachi
_bMuzaffar
_c2000
300 _a528
942 _cBK
999 _c9775
_d9775